000 00293nam a2200121Ia 4500
008 240624s9999 xx 000 0 und d
041 _aeng
082 _a005.54 ALE
100 _aALEXANDER MICHAEL
245 _a101 READY TO USE EXCEL FORMULAS
260 _aNew Delhi
_bWiley
365 _cRS
_b33
999 _c26324
_d26324